Normal view
MARC view
Entry Topical Term
001 - CONTROL NUMBER
- control field: 33943
003 - CONTROL NUMBER IDENTIFIER
- control field: ARRUPE
005 - DATE AND TIME OF LATEST TRANSACTION
- control field: 20170731105207.0
008 - FIXED-LENGTH DATA ELEMENTS
- fixed length control field: 170731|| aca||aabn | a|a d
040 ## - CATALOGING SOURCE
- Original cataloging agency: ARRUPE
- Transcribing agency: ARRUPE
150 ## - HEADING--TOPICAL TERM
- Topical term or geographic name as entry element: Humanistic ethics.
670 ## - SOURCE DATA FOUND
- Source citation: Work cat.: (ARRUPE)58604: Kurtz, Paul, 1925-2012. 33942, The fullness of life, [1974]